LEADER 01335nam a2200301 4500 001 000000359632 003 CaOOAMICUS 005 20240904160637.0 008 240902s2024 it 000 u ita r 020 $a979-1-281-55315-6 040 $aSeMil$bita 110 2 $aConferenza Episcopale Italiana.$0(OLS)http://semarc/name/95789 245 10$aHo udito il suo lamento :$bin ascolto dei sofferenti /$cConferenza Episcopale Italiana ; a cura di Massimo Angelelli. 264 1$aSavona :$bEditoriale Romani,$c2024. 300 $a138 p. ;$c24 cm 490 1 $aLe domande di senso ;$v17 541 0 $aOmaggio mons. Mario Delpini (3X V 143) 650 4$aSofferenza - Meditazioni.$0(OLS)http://semarc/subject/17808 700 1 $aAngelelli, Massimo,$c.$0(OLS)http://semarc/name/115340 830 3$aLe domande di senso ;$v17.$0(OLS)http://semarc/title/432453 850 $aSeMil 852 $aSeMil$W1$xVenegono$y1$m3X V 143$j250602$B250689$CSeMilBibl$Z2$F250689 $81 941 1 $a7 961 $aOmaggio mons. Mario Delpini 996 $6020$a979-1-281-55315-6$9(OLS)http://semarc/number/301170 996 $6245$aHo udito il suo lamento :$bin ascolto dei sofferenti$9(OLS)http://semarc/title/450039 996 $6264$aSavona :$bEditoriale Romani$9(OLS)http://semarc/publisher/59462 LEADER 00946nam a2200229 4500 001 000000340880 003 CaOOAMICUS 005 20201012123711.0 008 200703s1969 fr 000 u fre r 040 $aSeMil$bita 100 1 $aCongar, Yves,$c.$0(OLS)http://semarc/name/3722 245 10$aAu milieu des orages :$bl'Eglise affronte aujourd'hui son avenir /$cY. Congar. 264 1$aParis :$bLes Éditions du Cerf,$c1969. 300 $a120 p. ;$c20 cm 541 0 $aFondo mons. Pasquale Macchi 650 4$aChiesa - Meditazioni.$0(OLS)http://semarc/subject/7470 850 $aSeMil 852 $aSeMil$W1$xVenegono$y1$m2C I 663$j222498$B231905$CSeMilBibl$Z2$F231905 $81 941 1 $a9 996 $6245$aAu milieu des orages :$bl'Eglise affronte aujourd'hui son avenir$9(OLS)http://semarc/title/429961 996 $6264$aParis :$bLes Éditions du Cerf$9(OLS)http://semarc/publisher/29611